02694njm a2200397Ia 450000100060000000300090000600500170001500800410003204000130007304000130008604100130009910000110011210000180012310000380014124500340017925000110021326000090022426000790023330000170031230000310032950000230036050505860038351101000096965000550106970000810112470000820120570002400128770001330152770000980166070000860175870000930184470000880193770000860202570000980211170000870220982909IT-RoPAU20220918181214.0131025s9999 xx 000 0 und d aIT-RoPAU cIT-RoPAU aITALIANO aAA.VV. eAutore musica gCodice autore musica SPICS: 12000 aPuer natus-Concerto di Natale a1a ed. aROMA bEP - MUSICALI E DISCOGRAFICHEc1989 [1a Ed.:1989 - Ed. Lingua Orig.: 1989] aMUSICASSETTA c108 minuti (Testo: 0 pag.) aMusica strumentale aStille Nacht (5:00) - Piva all'antica (4:00) - Puer natus (4:00) - Pastorale per tromba (4:00) - Campane di Natale (5:00) - Benedictus, da harmonie messe (5:00) - Puer natus est nobis (5:00) - Lieti pastori (6:00) - Benedictus, da Nelson Messe (7:00) - Quem vidistis, pastores (6:00) - Fermarono i cieli (4:00) - Splendida stella (3:00) - Rorate coeli (4:00) - Resonet in laudibus (4:00) - Cantiamo tutti cantiamo (3:00) - Pastorale in fa (5:00) - Liebster Jesus (2:00) - Adorabunt nationes (7:00) - Antica lauda di Natale (6:00) - Dormi e sogna (4:00) - Sinfonia di Natale (15:00) aCoro e Orchestra Cappella Musicale Santa Maria dei Servi-Bologna diretti da Pellegrino Santucci aSTRUMENTALE [CASSETTE]eCodice MATERIA SPICS: 9951 aGruber FranzdCodice autore musica SPICS: 10935eAutore musicapStille Nacht aBossi M.E.dCodice autore musica SPICS: 28890eAutore musicapPiva all'antica aSantucci P.dCodice autore musica SPICS: 28891eAutore musicapPuer natus - Pastorale per tromba - Campane di Natale - Lieti pastori - Quem vidistis, pastores - Cantiamo tutti cantiamo - Pastorale in fa - Liebster Jesus - Dormi e sogna aHaydn Franz JosephdCodice autore musica SPICS: 5572eAutore musicapBenedictus, da harmonie messe - Benedictus, da Nelson Messe aAnonimodCodice autore musica SPICS: 2620eAutore musicapPuer natus est nobis - Rorate coeli aSant'AlfonsodCodice autore musica SPICS: 23101eAutore musicapFermarono i cieli aBach Johann SebastiandCodice autore musica SPICS: 9695eAutore musicapSplendida stella aSchubiger A.dCodice autore musica SPICS: 28892eAutore musicapResonet in laudibus aHimmel F.H.dCodice autore musica SPICS: 16496eAutore musicapAdorabunt nationes aBalilla Pratella F.dCodice autore musica SPICS: 16132eAutore musicapAntica lauda di Natale aValentini G.dCodice autore musica SPICS: 28893eAutore musicapSinfonia di Natale